Normal view
MARC view
Entry Personal Name
001 - CONTROL NUMBER
- control field: 51159
003 - CONTROL NUMBER IDENTIFIER
- control field: ARRUPE
005 - DATE AND TIME OF LATEST TRANSACTION
- control field: 20220404090314.0
008 - FIXED-LENGTH DATA ELEMENTS
- fixed length control field: 220404|| aca||aabn | a|a d
040 ## - CATALOGING SOURCE
- Original cataloging agency: ARRUPE
- Transcribing agency: ARRUPE
100 ## - HEADING--PERSONAL NAME
- Personal name: Magee, Bryan.
- Title of a work: Men of ideas
670 ## - SOURCE DATA FOUND
- Source citation: Work cat.: (ARRUPE)131216: Magee, Bryan. 51158, Talking philosophy :, [2001]